Battling terrorism in the Horn of Africa (Record no. 48972)

MARC details
000 -LEADER
fixed length control field 01906nam a2200385Ia 4500
001 - CONTROL NUMBER
control field vtls003203533
003 - CONTROL NUMBER IDENTIFIER
control field MY-SjTCS
005 - DATE AND TIME OF LATEST TRANSACTION
control field 20200306164314.0
006 - FIXED-LENGTH DATA ELEMENTS--ADDITIONAL MATERIAL CHARACTERISTICS
fixed length control field m u
007 - PHYSICAL DESCRIPTION FIXED FIELD--GENERAL INFORMATION
fixed length control field cr cn|||||||||
008 - FIXED-LENGTH DATA ELEMENTS--GENERAL INFORMATION
fixed length control field 100712s2005 mauab s 000 0 eng d
010 ## - LIBRARY OF CONGRESS CONTROL NUMBER
Canceled/invalid LC control number 2005-023711
015 ## - NATIONAL BIBLIOGRAPHY NUMBER
National bibliography number GBA575661
Source bnb
020 ## - INTERNATIONAL STANDARD BOOK NUMBER
Canceled/invalid ISBN 0815797931
020 ## - INTERNATIONAL STANDARD BOOK NUMBER
Canceled/invalid ISBN 0815775709 (cloth : alk. paper)
020 ## - INTERNATIONAL STANDARD BOOK NUMBER
Canceled/invalid ISBN 0815775717 (pbk. : alk. paper)
035 ## - SYSTEM CONTROL NUMBER
System control number (CaPaEBR)ebr10120607
039 #9 - LEVEL OF BIBLIOGRAPHIC CONTROL AND CODING DETAIL [OBSOLETE]
-- 201007121808
-- VLOAD
040 ## - CATALOGING SOURCE
Original cataloging agency CaPaEBR
Transcribing agency CaPaEBR
050 14 - LIBRARY OF CONGRESS CALL NUMBER
Classification number HV6433.A3553
Item number C65 2005eb
245 00 - TITLE STATEMENT
Title Battling terrorism in the Horn of Africa
Medium [electronic resource] /
Statement of responsibility, etc. Robert I. Rotberg, editor.
260 ## - PUBLICATION, DISTRIBUTION, ETC.
Place of publication, distribution, etc. Cambridge, Mass. :
Name of publisher, distributor, etc. World Peace Foundation ;
Place of publication, distribution, etc. Washington, D.C. :
Name of publisher, distributor, etc. Brookings Institution Press,
Date of publication, distribution, etc. c2005.
300 ## - PHYSICAL DESCRIPTION
Extent viii, 210 p. :
Other physical details map.
520 ## - SUMMARY, ETC.
Summary, etc. "Examines the state of governance in the countries of the greater Horn of Africa region--Djibouti, Eritrea, Ethiopia, Kenya, Somalia, the Sudan, and Yemen--and discusses strategies to combat the transnational threat of terrorism, including suggestions for more effective U.S. engagement in the region"--Provided by publisher.
529 ## -
-- TSLHHL
533 ## - REPRODUCTION NOTE
Type of reproduction Electronic reproduction.
Place of reproduction Palo Alto, Calif. :
Agency responsible for reproduction ebrary,
Date of reproduction 2009.
Note about reproduction Available via World Wide Web.
-- Access may be limited to ebrary affiliated libraries.
650 #0 - SUBJECT ADDED ENTRY--TOPICAL TERM
Topical term or geographic name entry element Terrorism
Geographic subdivision Africa, Northeast
General subdivision Prevention.
9 (RLIN) 249500
650 #0 - SUBJECT ADDED ENTRY--TOPICAL TERM
Topical term or geographic name entry element Islam and politics
Geographic subdivision Africa, Northeast.
9 (RLIN) 249501
655 #7 - INDEX TERM--GENRE/FORM
Genre/form data or focus term Electronic books.
Source of term local
9 (RLIN) 201578
700 1# - ADDED ENTRY--PERSONAL NAME
Personal name Rotberg, Robert I.
9 (RLIN) 249502
710 2# - ADDED ENTRY--CORPORATE NAME
Corporate name or jurisdiction name as entry element World Peace Foundation.
9 (RLIN) 249503
710 2# - ADDED ENTRY--CORPORATE NAME
Corporate name or jurisdiction name as entry element Brookings Institution.
9 (RLIN) 249504
710 2# - ADDED ENTRY--CORPORATE NAME
Corporate name or jurisdiction name as entry element ebrary, Inc.
9 (RLIN) 25628
856 40 - ELECTRONIC LOCATION AND ACCESS
Uniform Resource Identifier https://ezproxy.taylors.edu.my/login?url=http://site.ebrary.com/lib/taylorscollege/Doc?id=10120607
Public note An electronic book accessible through the World Wide Web; click to view
Holdings
Withdrawn status Lost status Damaged status Not for loan Home library Current library Date acquired Total Checkouts Date last seen Price effective from Koha item type
      e-book Taylor's Library-TU Taylor's Library-TU 02/03/2026   02/03/2026 02/03/2026 E-Book